000 00621nam a2200253Ia 4500
003 OSt
005 20221007080041.0
006 a|||||r|||| 00| 0
007 ta
008 221006b |||||||| |||| 00| 0 eng d
024 _a4,306
037 _cTextual
040 _aFLL
_cFLL
_beng
041 _2eng
_aeng
082 _aZ2,4, P2
100 _aSingh S.P.
245 0 _aLaw of tort
250 _a3rd
260 _aNew Delhi
_bSinghal Publications India
_c2002
300 _a387p
_ccm.
650 _aLaw of tort
_9683435
942 _hZ2,4, P2
_cTEXL
_2CC
999 _c1158218
_d1158218